| 000 | 01536cam a22003494a 4500 | ||
|---|---|---|---|
| 001 | 12465832 | ||
| 005 | 20060807194945.0 | ||
| 008 | 010711s2002 enk |rb 001 0 eng | ||
| 010 | _a2001044196 | ||
| 020 | _a0415271487 | ||
| 020 | _a0415271495 (pbk.) | ||
| 040 |
_aDLC _cDLC _dDLC |
||
| 042 | _apcc | ||
| 043 | _aae----- | ||
| 050 | 0 | 0 |
_aJQ1499.A56 _bC676 2002 |
| 082 | 0 | 0 |
_a320.95 _222 _bEAS |
| 245 | 0 | 0 |
_aPolitical Business in East Asia / _cEdited by Edmund Terence Gomez. |
| 260 |
_aLondon ; _aNew York : _bRoutledge, 2002 _c2002. |
||
| 300 |
_axvi, 346 p. ; _c24 cm. |
||
| 440 | 0 | _912519 | |
| 490 | _aPolitics in Asia Series | ||
| 504 | _aIncludes bibliographical references and index. | ||
| 650 | 0 |
_aPolitical corruption _zEast Asia. _912520 |
|
| 650 | 0 |
_aBusiness and politics _zEast Asia. _912521 |
|
| 650 | 0 |
_aDemocratization _zEast Asia. _912522 |
|
| 700 | 1 |
_aGomez, Edmund Terence. _912523 |
|
| 856 | 4 | 2 |
_3Publisher description _uhttp://www.loc.gov/catdir/enhancements/fy0650/2001044196-d.html |
| 942 |
_2ddc _cBB |
||
| 999 |
_c13643 _d13643 |
||